| 000 | 00847nam a2200241 i 4500 | ||
|---|---|---|---|
| 001 | 14339 | ||
| 003 | ES-MaACL | ||
| 005 | 20231221204547.0 | ||
| 007 | t| | ||
| 008 | 990222s1998 sp ||||1| gao d | ||
| 020 | _a84-453-2184-6 | ||
| 080 | _a929 Sagra, Ramón de la | ||
| 100 | 1 |
_aCores Trasmonte, Baldomero. _940583 |
|
| 245 | 1 | 0 |
_aRamón de la Sagra / _cBaldomero Cores Trasmonte. |
| 260 |
_a[A Coruña] : _bXunta de Galicia, Consellería de Cultura, Comunicación Social e Turismo, _c[1998] |
||
| 300 |
_a135 p. ; _c17 cm. |
||
| 490 | 1 |
_aA nosa memoria ; _v15 |
|
| 600 | 1 | 4 |
_aLa Sagra, Ramón de, _d1798-1871- _xBiografías _9101446 |
| 710 | 1 |
_aGalicia. _bConsejería de Cultura, Comunicación Social y Turismo. _94453 |
|
| 830 | 0 |
_aA nosa memoria ; _v15 _9179608 |
|
| 852 |
_aES-MaACL _jL-21601 _bR.126876 |
||
| 999 |
_c14339 _d14339 |
||